Tủ lạnh, máy kem, máy đá, máy điều hòa nhiệt độ

Gorde:
Xehetasun bibliografikoak
Egile nagusia: Nguyễn Đức Lợi
Formatua: Liburua
Hizkuntza:Undetermined
Argitaratua: Hà Nội KHKT 1997
Gaiak:
Etiketak: Etiketa erantsi
Etiketarik gabe, Izan zaitez lehena erregistro honi etiketa jartzen!
Thư viện lưu trữ: Trung tâm Học liệu Trường Đại học Cần Thơ
LEADER 00631nam a2200193Ia 4500
001 CTU_37578
008 210402s9999 xx 000 0 und d
020 |b 23.000đ 
082 |a 621.57 
082 |b L462 
100 |a Nguyễn Đức Lợi 
245 0 |a Tủ lạnh, máy kem, máy đá, máy điều hòa nhiệt độ 
245 0 |c Nguyễn Đức Lợi 
260 |a Hà Nội 
260 |b KHKT 
260 |c 1997 
650 |a air conditioning,refrigeration and refrigerating machinery 
904 |i Nguyễn Quang Điền, 000804 
980 |a Trung tâm Học liệu Trường Đại học Cần Thơ